Kansas Football: Top 10 All-Time Leaders - Statistics

General Stats
  • This quiz has been taken 6 times
  • The average score is 17 of 61
Answer Stats
Category # Player Amount % Correct
Passing Yards 2 Jalon Daniels 8,632
100%
Interceptions T2 Cobee Bryant 13
60%
Rushing Yards 1 Devin Neal 4,343
60%
Passing Yards 8 Jason Bean 4,662
60%
Passing Yards 1 Todd Reesing 11,194
60%
Interceptions T2 Aqib Talib 13
40%
Receiving Yards 10 Bob Johnson 1,789
40%
Passing Yards 6 Carter Stanley 5,035
40%
Receiving Yards 1 Dezmon Briscoe 3,240
40%
Rushing Yards 7 Gale Sayers 2,675
40%
Tackles 4 Joe Dineen Jr. 386
40%
Tackles 5 Kenny Logan Jr. 383
40%
Receiving Yards 6 Lawrence Arnold 2,219
40%
Receiving Yards 3 Luke Grimm 2,472
40%
Interceptions T4 Mello Dotson 12
40%
Rushing Yards 10 Pooka Williams Jr. 2,382
40%
Rushing Yards 3 Tony Sands 3,777
40%
Sacks 1 Algie Atkinson 24.0
20%
Tackles 10 Ben Heeney 335
20%
Passing Yards 10 Bill Whittemore 4,051
20%
Sacks T4 Brandon Perkins 20.0
20%
Interceptions T10 Charles Gordon 9
20%
Passing Yards 9 Chip Hilleary 4,598
20%
Rushing Yards 6 Clark Green 2,754
20%
Tackles 7 Curtis Moore 350
20%
Sacks T7 Dana Stubblefield 17.0
20%
Sacks 6 Daniel Wise 18.5
20%
Passing Yards 5 Dave Jaynes 5,132
20%
Rushing Yards 9 David Winbush 2,608
20%
Sacks T9 Dorance Armstrong 15.5
20%
Receiving Yards 9 Emmett Edwards 1,808
20%
Passing Yards 3 Frank Seurer 6,410
20%
Interceptions T7 Gary Adams 10
20%
Interceptions T4 Hal Cleavinger 12
20%
Sacks 2 Jake Laptad 21.0
20%
Rushing Yards 4 James Sims 3,592
20%
Interceptions T10 John Konek 9
20%
Rushing Yards 8 John Riggins 2,659
20%
Rushing Yards 2 June Henley 3,841
20%
Passing Yards 4 Kelly Donohoe 5,382
20%
Receiving Yards 4 Kerry Meier 2,309
20%
Tackles 6 Kyle McNorton 381
20%
Sacks T9 Kyle Moore 15.5
20%
Rushing Yards 5 Laverne Smith 3,074
20%
Tackles 8 LeRoy Irvin 347
20%
Interceptions T7 LeRoy Irvin 10
20%
Receiving Yards 7 Mark Simmons 2,161
20%
Passing Yards 7 Mike Norseth 4,677
20%
Tackles 9 Mike Sweatman 341
20%
Interceptions 6 Milt Garner 11
20%
Sacks T7 Nate Dwyer 17.0
20%
Tackles 2 Nick Reid 416
20%
Sacks T4 Phil Forte 20.0
20%
Interceptions 1 Ray Evans 17
20%
Receiving Yards 8 Richard Estell 1,997
20%
Tackles 3 Rick Bredesen 403
20%
Sacks 3 Ron Warner 20.5
20%
Receiving Yards 2 Steven Sims 2,582
20%
Interceptions T7 Wayne Zeigler 10
20%
Tackles 1 Willie Pless 633
20%
Receiving Yards 5 Willie Vaughn 2,266
20%
No matching quizzes found
Score Distribution
Percent of People with Each Score
Percentile by Number Answered
Your Score History
You have not taken this quiz